000
00317nam a22001337a 4500
008
170526b xxu||||| |||| 00| 0 eng d
020
_a
9780536169020
041
_a
eng
080
_a
621(075.8)
100
_a
25
101
_a
IM
245
_a
MODERN MATERIALS MANUFACTURING PROCESSES
_c
BRUCE.RG
942
_2
udc
_c
BK
999
_c
14386
_d
14386